000 00303nam a2200121Ia 4500
008 241015s9999 xx 000 0 und d
041 _aeng
082 _a338.5 MCE
100 _aMceachern
245 _aMicro Econ With Mindtap
260 _bCengage Learning India
_aDehli
_c2019
300 _a390;. P. 27 cm
999 _c41814
_d41814